000 02655nam0a2200421 4500
001 RU\NLR\BIBL_A\011696271
005 20250630160052.0
020 _aRU
_b14597
_9Сводный каталог листовок первых лет Советской власти (25 октября (7 ноября) 1917 - 1925) Т.5. Листовки советских, партийных, профсоюзных, комсомольских и других организаций краев РСФСР. Ч.1
035 _a(NLR Aleph) 011696271
090 _a11365097
_c11365097
100 _a20180510d1923 |||y0rusy50 ca
101 0 _arus
102 _aRU
105 _ay z 000zy
135 _acrcn 024apada
200 1 _aТоварищи рабочие, крестьяне и красноармейцы! "Застрельщик мирового капитализма и империализма лорд Керзон от имени английского правительства предъявил Советскому правительству ноту ..."
_e[листовка]
210 _aНовониколаевск
_cтип. "Совиздата"
_d[1923]
215 _a1 с. в 2 стб.
_d47х30
300 _aПодпись: Новониколаевский губком РКП(б)
325 1 _aКопия доступна в Электронной библиотеке РНБ
517 1 _aЗастрельщик мирового капитализма и империализма лорд Керзон от имени английского правительства предъявил Советскому правительству ноту ...
607 _aРСФСР
_jЛистовки
_xПолитика и управление
_y1917 - 1925
_92312782
_3RU\NLR\auth\6601609564
686 0 _aТ3(2)71-313,011
686 0 _aТ3(2Р-4Нов)713-31,011
702 1 _4570
_7ca
_8rus
_aКерзон
_bД. Н.
_f1859-1925
_gДжордж Натаниел
_9147540
_3RU\NLR\AUTH\770147576
711 0 2 _aРКП(б)
_bНовониколаевский губернский комитет
_9544348
_3RU\NLR\AUTH\880440090
852 0 0 _aNLR
_bФЛ
_j39/161
856 0 _uhttps://vivaldi.nlr.ru/ll700004204/view
856 1 _uhttps://vivaldi.nlr.ru/ll700004204/cover
856 2 _uhttps://vivaldi.nlr.ru/ll700004204/text
942 _cBOOK
980 _aNB
981 2 1 _a(21) Листовки
_b(21) Листовки 1923 года